Boss de Mario & Luigi : Voyage au centre de Bowser - Statistiques

Statistiques générales
  • Ce quiz a été pris 21 fois
  • Le résultat moyen est 11 sur 24
Statistiques - réponses
Lieux Boss % Correct
Château de Peach Bowser
100%
Village des Toads (clinique de Toadini) Bowser
100%
Château de Peach Bowser Noir
72%
Fôret Fousset (combat de géant) Château de Bowser
72%
Château de Peach (combat de géant) Château de Peach
72%
Voies respiratoires (corps de Bowser) Astre Noir
67%
Cap Rototo Métaboss
67%
Château de Bowser Métaboss
67%
Fôret Fousset Wiggler
67%
Château de Peach Gracowitz Noir
44%
Plage Kari-Kari Blocdogue
39%
Plage Kari-Kari Charlie Bloc
39%
Centre nerveux (corps de Bowser) Jeannille
39%
Château de Peach Poubellor
39%
Zone énergétique (corps de Bowser) Sage Jeannille
33%
Château de Bowser (Easter egg) Xhampis
33%
Château de Bowser (combat de géant) Graco-Express
22%
Château de Peach Métaboss glacial
22%
Archives mémorielles (corps de Bowser) ROM / ML
22%
Conduit Ardent (corps de Bowser) Tocolan
22%
Lac Boboteth (combat de géant) Tour Ronfloski
22%
Zone adipeuse Alphacaro
17%
Plage Kari-Kari (falaises Kari-Kari) Chakran
17%
Plage Kari-Kari Statue marine
17%
Aucun quiz correspondant
Distribution des résultats
% des personnes avec chaque résultat
Percentile par nombre de réponses
Votre historique - résultats
Vous n’avez pas pris ce quiz